000 00408nab a2200145Ia 4500
003 ES-SlBCS
005 20210601131746.0
008 140529s1935 xxu||||| |||| 00| 0 fre d
041 _afre
100 1 _aVilloteau, P.
_9188656
245 0 0 _aLa maladie de l'art vivant
_c P. Villoteau
650 0 4 _aArte
_91831
773 0 _tVie Intelectuelle (La)
_gvol. 39, nº. 2, 1935, págs. 335-341
_wRev907
942 _cAR
999 _c568292
_d568292